| 000 | 01021nam a22002057a 4500 | ||
|---|---|---|---|
| 005 | 20220406092742.0 | ||
| 008 | 220406b ||||| |||| 00| 0 eng d | ||
| 020 | _a0297811304 | ||
| 040 | _cAL | ||
| 041 | _aEnglish | ||
| 082 |
_223 _a960.23 _bPAKS |
||
| 100 |
_aThomas Pakenham _927815 |
||
| 245 | _aScramble for Africa 1876-1912 | ||
| 260 |
_aLondon _bWeidenfeld And Nicolson _c1993 |
||
| 300 |
_axix,738 p. _bHB _c25.5x17.5 cm. |
||
| 520 | _aIn 1880 the continent of Africa was largely unexplored by Europeans. Less than thirty years later, only Liberia and Ethiopia remained unconquered by them. The rest - 10 million square miles with 110 million bewildered new subjects - had been carved up by five European powers (and one extraordinary individual) in the name of Commerce, Christianity, 'Civilization' and Conquest. The Scramble for Africa is the first full-scale study of that extraordinary episode in history. | ||
| 650 |
_aAfrica History _927816 |
||
| 700 |
_aPAKENHAM (Thomas) _927817 |
||
| 942 |
_2ddc _cGF |
||
| 999 |
_c222203 _d222203 |
||